000 00427 a2200133 4500
999 _c321241
_d321241
001 86168
003 NUST
005 20180120160130.0
008 180120b xxu||||| |||| 00| 0 eng d
020 _a9780446199582
082 _a623.45119092 FRA
100 _aDouglas Frantz ; Catherine Collins
_99295
245 _aThe man from Pakistan : the true story of the world's most dangerous nuclear smuggler
_cDouglas Frantz
260 _aNew York
_bTwelve
_c2008
300 _axvii, 413 p.
942 _aCAE NUST+ AHQ
_cBK
_k623.45119092 FRA
_2ddc